Guided By Maneri (Record no. 20125)

MARC details
000 -LEADER
fixed length control field 00289nam a22001217a 4500
082 ## - DEWEY DECIMAL CLASSIFICATION NUMBER
Classification number 297.4 JAC
100 ## - MAIN ENTRY--AUTHOR NAME
Author name Jackson, Paul S.J
245 ## - TITLE STATEMENT
Title Guided By Maneri
260 ## - PUBLICATION, DISTRIBUTION, ETC. (IMPRINT)
Place of publication Gujrat, India
Name of publisher Gujrat Sahitya Prakash
Year of publication 2016
300 ## - PHYSICAL DESCRIPTION
Number of Pages 88
650 ## - SUBJECT ADDED ENTRY--TOPICAL TERM
Topical Term Sufism- Sharafuddin Maneri
942 ## - ADDED ENTRY ELEMENTS (KOHA)
Koha item type Books
Holdings
Home library Current library Date acquired Source of acquisition Full call number Accession Number Koha item type
Henry Martyn Institute Library Henry Martyn Institute Library 09/09/2016 Dr Packiam T.Samual 297.4 JAC 11003426 Books
                   Copyright © 2026 | Henry Martyn Institute | Hyderabad | TS-500052 | INDIA | Implemented by hmi.edu.in
Hit-Count:

Powered by Koha